Polvo eres /

Na minha lista:
Detalhes bibliográficos
Autor principal: Pinter, Harold (autor)
Outros Autores: Fuentes, Carlos (traducción) (traducción)
Formato: Livro
Idioma:espanhol
Publicado em: Hondarribia, España : Hiru, 2005, c2002
Colecção:(Skene ; 44)
Assuntos:
Tags: Adicionar Tag
Sem tags, seja o primeiro a adicionar uma tag!

MARC

LEADER 00000nam^a2200000^a^4500
001 000184579
005 20250521000000.0
009 20260310102119.685
020 |a 84-95786-32-X 
037 |a Acervo ITESO - Biblioteca 
041 |a ESP 
082 |a 822.  |b PIN 
100 |a Pinter, Harold  |e (autor) 
245 1 0 |a Polvo eres /  |c H. Pinter ; tr. por. C. Fuentes. 
264 4 |a Hondarribia, España :  |b Hiru,  |c 2005, c2002 
300 |a 172 p. 
336 |a texto  |b txt  |2 rdacontenido 
337 |a sin mediación  |b n  |2 rdamedio 
338 |a volumen  |b nc  |2 rdasoporte 
440 1 |a (Skene ;  |v 44) 
500 |a Traducción de: Ashes to Ashes 
500 |a Traducción de: Moonlight 
500 |a Traducción de: Party Time 
500 |a Traducción de: Mountain Language 
586 |a Premio Nobel de Literatura 2005 
649 |a XX 
650 |a Sátira 
650 |a Teatro Político -  |z Inglaterra 
650 |a Teatro Inglés 
650 |a Psicología y Literatura 
650 |a Literatura y Política -  |z Inglaterra 
650 |a Literatura Inglesa -  |y Siglo XX 
740 0 |a Luz de luna /  |c H. Pinter ; tr. por C. Fuentes. 
740 0 |a Tiempo de fiesta /  |c H. Pinter ; tr. por C. Fuentes. 
740 3 |a El lenguaje de la montaña /  |c H. Pinter ; tr. por C. Fuentes. 
700 |a Fuentes, Carlos  |e (traducción) 
910 |a Fondo General 
920 |a Impresos - Libros 
930 |a Colección General 
940 |a Literatura 
905 |a 101 
901 |a 0500125477  |b IT1  |c LIT  |u 20250521 
902 |a https://opac.biblio.iteso.mx/vufind/Record/000184579